Swalsh Quiz - Statistics

General Stats
  • This quiz has been taken 16 times
    14 since last reset
  • The average score is 10 of 15
Answer Stats
Question Answer % Correct
What award did Sam Walsh win in his first season Rising Star
100%
What pick did Carlton take Sam Walsh with 1st
80%
how many disposals does swalsh average 5+
80%
Who is Sam Walsh's Girlfriend All of the above
80%
What other sports does swalsh play Lunchtime football
80%
What country does Sam Walsh have dual citizenship for Saint Vincent and the Grenadines
80%
What number is Swalsh 18
60%
How many Brownlow medals will Sam Walsh win in his career 3 or more
60%
Where does Swalsh live Canberra
60%
Does Swalsh like grenada NO
60%
Is swalsh overrated No, He is extremely underrated. He is the best player in the league
60%
What team did Sam Walsh score his first goal against Sydney
60%
What amount of money will Sam Walsh earn per year on his next contract $800,000+
40%
Who is Sam Walshs best friend at Carlton Will Setterfield
40%
Would Swalsh beat Mumford and Tex walker combined in a fight yes
40%
No matching quizzes found
Score Distribution
Percent of People with Each Score
Percentile by Number Answered
Your Score History
You have not taken this quiz since the last reset